| 000 | 01279cam a22004574i 4500 | ||
|---|---|---|---|
| 003 | PE-LiUPU | ||
| 005 | 20250731180129.0 | ||
| 008 | 150625s r 000 0 d | ||
| 035 | _a(Sirsi) a34701 | ||
| 040 |
_aPE-LiUPU _bspa _cPE-LiUPU _erda |
||
| 082 | 0 | 4 |
_a501 _bD27 _221 |
| 100 | 1 |
_aDaval, Simone, _eautor. |
|
| 245 | 1 | 0 |
_aFilosofía de las Ciencias / _cSimone Daval. |
| 264 | 1 | _a | |
| 336 |
_atext _2rdacontent |
||
| 337 |
_aunmediated _2rdamedia |
||
| 338 |
_avolume _2rdacarrier |
||
| 526 | _aSEG44 | ||
| 526 | _aSEG26 | ||
| 526 | _aP159 | ||
| 526 | _aP155 | ||
| 526 | _aP154 | ||
| 526 | _aP153 | ||
| 526 | _aP150 | ||
| 526 | _aP100 | ||
| 526 | _aP31 | ||
| 526 | _aP30 | ||
| 526 | _aP26 | ||
| 526 | _aP25 | ||
| 526 | _aP24 | ||
| 526 | _aP22 | ||
| 526 | _aP15 | ||
| 526 | _aP10 | ||
| 700 | 1 | _aGuillemain, Bernard. | |
| 910 | _a | ||
| 942 |
_2ddc _cBOOK |
||
| 949 |
_a501 D27 _wDEWEY _c1 _i08062 _lCCODEBUL1 _mBUL _p00.00 _r0 _sY _tBOOK _u2015-06-25 _xBIBLIOTECA _zUNKNOWN _0COMPRA _o.STAFF. Colección General |
||
| 596 | _a1 | ||
| 999 |
_a501 D27 _wDEWEY _c42587 _i08062 _f2021-11-5 _g5 _lCCODEBUL1 _mBUL _r0 _sN _tBOOK _u2015-6-25 _xBIBLIOTECA _zUNKNOWN _0COMPRA _o.STAFF. Colección General _d42587 |
||
| 980 |
_81 _gALBERTO SANCHEZ Responsable de Automatización |
||